| 000 | 00460nam a2200133Ia 4500 | ||
|---|---|---|---|
| 008 | 170516s9999 xx 000 0 und d | ||
| 245 | _aLessons on Tumour Response: Imaging during Therapy with 177Lu-DOTA-octreotate. A on a Patient with a Large Volume of Poorly Differentiated Neuroendocrine Carcinoma | ||
| 260 | _bTheranostics | ||
| 260 | _c2012 | ||
| 300 | _a2:5 | ||
| 650 | _xMedical Technology | ||
| 650 | _xMedtech | ||
| 856 | _uhttp://www.thno.org/v2i5 | ||
| 999 |
_c330419 _d330419 |
||